000 00695nam a2200289Ia 4500
005 20260324112653.0
008 008 260324s9999 xx 000 0 eng d
020 _a9781003473312
037 _aEBOOK
040 _aCRL
040 _beng
040 _cCRL
041 _2eng
041 _aeng
084 _qCRL
100 _aSagaya Aurelia
_91143669
245 0 _aImmersive Technologies
245 0 _bNavigating the Impacts, Challenges, and Opportunities
260 _bTaylor and Francis
260 _c2024
365 _a
365 _b320
856 _uhttp://www.taylorfrancis.com/books/9781003473312
942 _cEBOOK
999 _c1732960
_d1732960